000 00318nam a22001337a 4500
008 171005b xxu||||| |||| 00| 0 eng d
020 _a9781405199278
041 _aeng
080 _22ND
_a159.9
100 _a49
101 _aPSI
245 _aPERSONALITY AND INDIVIDUAL DIFFERENCES
_cPREMUZIC,T.CH
942 _2udc
_cBK
999 _c31998
_d31998